| 000 | 00671nam a22002057a 4500 | ||
|---|---|---|---|
| 005 | 20170418161700.0 | ||
| 010 | _aENG-109839 | ||
| 020 |
_a9789351480075 _c480.00 |
||
| 020 |
_a9351480070 _c480.00 |
||
| 035 | _aEN-93372 | ||
| 037 | _bDBAD/PUB | ||
| 082 | _a280.64 | ||
| 100 | _aCrosse, Gordon | ||
| 245 | 0 | 0 |
_aThe religious drama : _cby Gordon Crosse _ban art of the church (beginning to 17th century) / |
| 260 |
_aNew Delhi _bChristian World Imprints _c2014 |
||
| 270 |
_aH-12, Bali Nagar _bNew Delhi _e110015 |
||
| 300 |
_axvi,184p. : _c22cm(Hb) _bill. |
||
| 500 | _aIncludes bibliographical references and index | ||
| 942 |
_2ddc _cEN _mCRO _h280.64 |
||
| 999 |
_c83905 _d83905 |
||